[Event "Challenge"]
[Site "http://www.queenalice.com/game.php?id=235069"]
[Date "2007.7.5"]
[Round "-"]
[White "andrefriburgo"]
[Black "ramones"]
[Result "1-0"]
[WhiteElo "1228"]
[BlackElo "1208"]

1. e4 b5 2. Bxb5 e5 3. Bc4 Bc5 4. Nf3 c6 5. Nxe5 Nf6 6. Nxf7 Qe7 7. Nxh8 Qf8 8.
Nf7 Nxe4 9. d4 Bb4+ 10. c3 Ba5 11. Qf3 d5 12. b4 Qxf7 13. bxa5 dxc4 14. Qxe4+
Be6 15. O-O Nd7 16. Qxh7 Nf8 17. Qe4 Qf5 18. Qxc6+ Nd7 19. Qxa8+ Ke7 20. Re1 Nb6
21. Qxa7+ Nd7 22. d5 Qxd5 23. Bf4 Qe4 24. Rxe4 1-0

[Event "Let's Play Chess!"]
[Site "http://www.queenalice.com/game.php?id=235156"]
[Date "2007.7.5"]
[Round "-"]
[White "ramones"]
[Black "Moondawg"]
[Result "0-1"]
[WhiteElo "1171"]
[BlackElo "1750"]

1. e4 e5 2. Bc4 Nf6 3. Nc3 c6 4. Nf3 d6 5. O-O Bg4 6. h3 Bh5 7. Qe1 Bxf3 8. gxf3
b5 9. Bb3 a5 10. a4 b4 11. Bd5 cxd5 12. exd5 bxc3 13. dxc3 Nxd5 14. b4 Qc8 15.
Qd1 Nxc3 16. Qe1 axb4 17. Bb2 Qxh3 18. Qd2 Qxf3 19. Rfe1 Be7 20. Re3 Qg4+ 21.
Rg3 Ne2+ 22. Kg2 Nxg3 23. fxg3 O-O 24. Qd5 Qe2+ 25. Kh3 Na6 26. Rg1 Qxc2 27. Qg2
Qxa4 28. g4 Qb3+ 29. Kh2 Rac8 30. g5 Rc2 31. Rc1 Rxg2+ 32. Kxg2 Qxb2+ 0-1

[Event "AUTO-BEG-117"]
[Site "http://www.queenalice.com/game.php?id=235616"]
[Date "2007.7.6"]
[Round "1"]
[White "ramones"]
[Black "rbivanov"]
[Result "0-1"]
[WhiteElo "1230"]
[BlackElo "1334"]

1. e3 e5 2. Bc4 Nf6 3. Nf3 Nc6 4. O-O d5 5. Bb5 Bd7 6. Nc3 d4 7. exd4 exd4 8.
Qe2+ Qe7 9. Re1 Qxe2 10. Rxe2+ Be7 11. Na4 O-O-O 12. d3 h6 13. b3 Rhe8 14. Bf4
Bd6 15. Be5 Nxe5 16. Nxd4 c5 17. Nf5 Bxb5 18. Rae1 Bc7 19. Nxc5 b6 20. Nxg7 Re7
21. Nf5 Ree8 22. c4 Nxd3 23. Nxd3 Rxe2 24. Rxe2 Bxc4 25. Ne7+ Kb7 26. bxc4 Rxd3
27. Nf5 Rd1+ 28. Re1 Rxe1# 0-1

[Event "AUTO-BEG-117"]
[Site "http://www.queenalice.com/game.php?id=235617"]
[Date "2007.7.6"]
[Round "1"]
[White "rbivanov"]
[Black "ramones"]
[Result "1-0"]
[WhiteElo "1260"]
[BlackElo "1202"]

1. e4 e6 2. d4 Bb4+ 3. Bd2 a5 4. a3 Bxd2+ 5. Qxd2 Nf6 6. Nc3 Nxe4 7. Nxe4 Nc6 8.
O-O-O d5 9. Ng5 Nxd4 10. Qxd4 Qxg5+ 11. f4 Qf6 12. Nf3 O-O 13. Qxf6 gxf6 14. Bd3
e5 15. fxe5 c5 16. exf6 Bf5 17. Bxf5 Rae8 18. Rxd5 Re6 19. Bxe6 fxe6 20. Rxc5
Rxf6 21. Rxa5 1-0

[Event "AUTO-BEG-117"]
[Site "http://www.queenalice.com/game.php?id=235618"]
[Date "2007.7.6"]
[Round "1"]
[White "ramones"]
[Black "KrikorMendes"]
[Result "1-0"]
[WhiteElo "1211"]
[BlackElo "1230"]

1. e3 b6 2. Nf3 g6 3. b3 e6 4. Bc4 Ba6 5. Ne5 b5 6. Qf3 d5 7. Bd3 f6 8. Bxg6+
Ke7 9. Nf7 Qd7 10. Bh5 Bg7 11. d4 Nc6 12. e4 Rf8 13. Bh6 Bxh6 14. Nxh8 Nxd4 15.
Qg3 Nxc2+ 16. Ke2 b4+ 17. Kf3 Nxa1 18. Qh4 Bg5 19. Qg4 Bb7 20. e5 d4+ 21. Kg3 f5
22. Qxg5+ Nf6 23. Qg7+ Rf7 24. Qxf7+ Kd8 25. Qxf6+ Qe7 26. Nf7+ Kd7 27. Rd1 Nc2
28. Nd2 c6 29. Rc1 Na3 30. Nc4 c5 31. Na5 Ba6 32. Nc6 Kxc6 33. Qxe7 1-0

[Event "AUTO-BEG-117"]
[Site "http://www.queenalice.com/game.php?id=235619"]
[Date "2007.7.6"]
[Round "1"]
[White "KrikorMendes"]
[Black "ramones"]
[Result "1-0"]
[WhiteElo "1203"]
[BlackElo "1202"]

1. e3 e6 2. b3 Nf6 3. g3 Nc6 4. Ba3 Bb4 5. c3 Bxa3 6. Nxa3 O-O 7. Nh3 Ng4 8. f3
Nge5 9. f4 Ng6 10. Qh5 b6 11. Ng5 h6 12. Ne4 f5 13. Qxg6 Ne7 14. Qh5 g6 15. Qxh6
Qe8 16. Ng5 Nd5 17. Qh7# 1-0

[Event "Challenge"]
[Site "http://www.queenalice.com/game.php?id=235843"]
[Date "2007.7.7"]
[Round "-"]
[White "ramones"]
[Black "lferreira"]
[Result "1-0"]
[WhiteElo "1272"]
[BlackElo "1631"]

1. e3 e5 2. Nc3 Nf6 3. Nf3 Bd6 4. Nb5 Bb4 5. Bc4 O-O 6. Nxe5 d5 7. O-O dxc4 8.
Nxc4 Nc6 9. c3 Ba5 10. Qa4 b6 11. b4 Qd5 12. Nca3 Ba6 13. c4 Bxb5 14. Qxb5 Qxb5
15. Nxb5 Bxb4 16. Nxc7 Rac8 17. a3 Bd6 18. Na6 Be5 19. d4 Bc7 20. Re1 Ne4 21. d5
Nb8 22. d6 Bxd6 23. Rd1 Nxa6 24. f3 Bc5 25. h3 Nc3 26. Rd3 Ne2+ 27. Kf1 Nxc1 28.
Rxc1 1-0

[Event "Challenge"]
[Site "http://www.queenalice.com/game.php?id=238125"]
[Date "2007.7.11"]
[Round "-"]
[White "mogerio"]
[Black "ramones"]
[Result "1-0"]
[WhiteElo "1277"]
[BlackElo "1295"]

1. e4 Nc6 2. Nf3 e5 3. Nc3 Bc5 4. d3 Nf6 5. Be3 b6 6. Be2 O-O 7. Nh4 Nh5 8. O-O
Qxh4 9. g3 Nxg3 10. fxg3 Qh3 11. Bg4 Bxe3+ 12. Kh1 Nd4 13. Re1 Bf2 14. Rf1 Be3
15. Bxh3 f5 16. exf5 Rxf5 17. Bxf5 g6 18. Be4 d5 19. Bxd5+ Kh8 20. Rf8+ Kg7 21.
Qf1 Bf5 22. Rxa8 Kh6 23. Qg2 c6 24. Rb8 Bg4 25. h3 Bh5 26. g4 1-0

[Event "Let's Play Chess!"]
[Site "http://www.queenalice.com/game.php?id=238730"]
[Date "2007.7.12"]
[Round "-"]
[White "ramones"]
[Black "Moondawg"]
[Result "0-1"]
[WhiteElo "1291"]
[BlackElo "1815"]

1. d4 d5 2. Bf4 Nc6 3. Nc3 e6 4. Qd3 Bd7 5. O-O-O Nf6 6. g4 Nxg4 7. Qg3 e5 8. f3
exf4 9. Qxf4 Nf2 10. Qe3+ Be6 11. Qxf2 Bb4 12. a3 Bxc3 13. bxc3 Qd6 14. Qh4
Qxa3+ 15. Kd2 f6 16. Bh3 f5 17. e4 Ne7 18. Ne2 a6 19. Nf4 Qd6 20. Nh5 Rg8 21.
Rhg1 O-O-O 22. Ra1 Qxh2+ 23. Rg2 Qd6 24. e5 Qd7 25. Rg5 h6 26. Rxg7 Rxg7 27.
Nxg7 Ng8 28. Rg1 Qf7 29. Rg6 Qxg6 30. Nxe6 Qxe6 31. f4 Ne7 32. Qh5 Qg6 33. Qe2
Qg3 34. Qg2 Qxf4+ 0-1

[Event "Let's Play Chess!"]
[Site "http://www.queenalice.com/game.php?id=238731"]
[Date "2007.7.12"]
[Round "-"]
[White "Moondawg"]
[Black "ramones"]
[Result "1-0"]
[WhiteElo "1839"]
[BlackElo "1259"]

1. e4 e5 2. Nf3 Bc5 3. Bc4 b5 4. Bxb5 c6 5. Bc4 Nf6 6. Nc3 O-O 7. Nxe5 Qe7 8. d4
Bb4 9. Bd2 d5 10. exd5 cxd5 11. Bb5 Bd7 12. Bxd7 Nbxd7 13. f4 Ne4 14. Nxd5 Qd6
15. Bxb4 Ndc5 16. dxc5 Nxc5 17. Qd4 Rad8 18. Bxc5 Qe6 19. Bxf8 Rxd5 20. Qb4 Rd8
21. Bc5 Qd5 22. Bxa7 f6 23. Nd3 Qa8 24. Qc4+ Kf8 25. Bc5+ Ke8 26. Qe6# 1-0

[Event "Let's Play Chess!"]
[Site "http://www.queenalice.com/game.php?id=238734"]
[Date "2007.7.12"]
[Round "-"]
[White "maple"]
[Black "ramones"]
[Result "1-0"]
[WhiteElo "2005"]
[BlackElo "1218"]

1. d4 e6 2. c4 Nc6 3. Nf3 Nf6 4. Nc3 Bb4 5. Bd2 O-O 6. e3 d5 7. a3 Ba5 8. b4 Bb6
9. c5 Bxc5 10. dxc5 Ng4 11. h3 Nge5 12. Nxe5 Nxe5 13. Qh5 h6 14. Qxe5 f6 15. Qg3
b6 16. c6 Qd6 17. Qxd6 Rf7 18. Qd8+ Rf8 19. Qxf8+ Kxf8 20. Nb5 g5 21. Nxc7 Rb8
22. b5 Ke7 23. f4 Kd8 24. Na6 Ra8 25. fxg5 fxg5 26. h4 e5 27. hxg5 Bf5 28. Rxh6
Bd7 29. Rh8+ Be8 30. Be2 Ke7 31. Bb4+ Ke6 32. Nc7+ Kf5 33. g4+ Ke4 34. Kd2 Rc8
35. Rf8 a5 36. Bf3# 1-0

[Event "Challenge"]
[Site "http://www.queenalice.com/game.php?id=238749"]
[Date "2007.7.12"]
[Round "-"]
[White "ramones"]
[Black "Pops"]
[Result "1-0"]
[WhiteElo "1228"]
[BlackElo "1268"]

1. e3 c5 2. Bd3 Nc6 3. Nf3 e6 4. Nc3 b6 5. O-O d5 6. Na4 Bb7 7. b4 Nxb4 8. c3
Nxd3 9. Ba3 Bd6 10. Qc2 Ne5 11. c4 dxc4 12. Rfc1 Nxf3+ 13. gxf3 Qg5+ 14. Kf1
Bxf3 15. d3 Qg2+ 16. Ke1 1-0

[Event "Challenge"]
[Site "http://www.queenalice.com/game.php?id=239558"]
[Date "2007.7.13"]
[Round "-"]
[White "andrefriburgo"]
[Black "ramones"]
[Result "0-1"]
[WhiteElo "1186"]
[BlackElo "1257"]

1. e4 f5 2. exf5 Nf6 3. Bc4 d5 4. Bb5+ c6 5. Ba4 Bxf5 6. d3 b5 7. Bb3 e5 8. Nf3
Qa5+ 9. c3 Bc5 10. Nxe5 O-O 11. O-O Bg4 12. Nxg4 Qb6 13. d4 Bd6 14. Nd2 Nbd7 15.
Ne3 Bf4 0-1

[Event "Challenge"]
[Site "http://www.queenalice.com/game.php?id=240604"]
[Date "2007.7.16"]
[Round "-"]
[White "ramones"]
[Black "PedroNRF"]
[Result "0-1"]
[WhiteElo "1302"]
[BlackElo "1583"]

1. Nc3 d5 2. Nf3 d4 3. Na4 e6 4. e4 c5 5. Bb5+ Bd7 6. O-O Bxb5 7. Nxc5 Bxf1 8.
Kxf1 Bxc5 9. Ne5 Bd6 10. Nc4 Bxh2 11. Qh5 Qc7 12. g3 Qxc4+ 13. d3 Qxc2 14. Qxh2
Qxd3+ 15. Kg2 Qxe4+ 16. f3 Qe2+ 17. Kh3 Qxf3 18. Bf4 h6 19. Qg2 Qh5# 0-1

[Event "AUTO-BEG-105"]
[Site "http://www.queenalice.com/game.php?id=253844"]
[Date "2007.8.10"]
[Round "2"]
[White "ramones"]
[Black "maues"]
[Result "0-1"]
[WhiteElo "1285"]
[BlackElo "1597"]

1. e3 e5 2. Bc4 d5 3. Bb5+ Bd7 4. a4 a6 5. Bd3 e4 6. Be2 Nf6 7. Nc3 Be7 8. Ra3
Bxa3 9. Nh3 Bxh3 10. gxh3 Bb4 11. Rg1 O-O 0-1

[Event "AUTO-BEG-105"]
[Site "http://www.queenalice.com/game.php?id=253845"]
[Date "2007.8.10"]
[Round "2"]
[White "maues"]
[Black "ramones"]
[Result "1-0"]
[WhiteElo "1593"]
[BlackElo "1289"]

1. e4 e6 2. Nf3 Bc5 3. Bc4 Ne7 4. d3 O-O 5. O-O c6 6. a3 Ng6 7. d4 Bb6 8. Be3 d6
9. Ba2 Na6 10. c4 Qf6 11. Bg5 Qxd4 12. Nxd4 1-0